Statistics for Countries with 5 Neighbours later in Alphabetical order

Click here to take the quiz!

General Stats

  • This quiz has been taken 49 times
  • The average score is 13 of 17

Answer Stats

# Country % Correct
8Brazil
98%
6Democratic Republic of the Congo
98%
12China
98%
8Austria
96%
8France
93%
6Algeria
91%
6Afghanistan
91%
5Burkina Faso
82%
5Argentina
82%
5Central African Republic
78%
5Belarus
73%
5Iraq
73%
5Bulgaria
69%
6Cameroon
67%
5Guinea
56%
5Hungary
56%
5Mozambique
20%

Score Distribution

Percentile by Number Answered

Percent of People with Each Score

Your Score History

You have not taken this quiz